| 000 | 00995nam a2200289 i 4500 | ||
|---|---|---|---|
| 001 | 18669 | ||
| 003 | ES-MaACL | ||
| 005 | 20250909175443.0 | ||
| 007 | t| | ||
| 008 | 020226s2000 sp ||||0| spa j | ||
| 020 | _a84-08-01939-2 | ||
| 040 |
_aM-BN _bspa _cM-BN |
||
| 080 | _a821.133.1-31"18" | ||
| 100 | 1 |
_aHugo, Victor, _d1802-1885 _964627 |
|
| 245 | 1 | 4 |
_aLos miserables / _cVictor Hugo ; edición y notas de José Luis Gómez ; introducción de Alain Verjart ; traducción de Nemesio Fernández Cuesta. |
| 250 | _a4ª ed. en esta presentación. | ||
| 260 |
_aBarcelona : _bPlaneta, _c2000. |
||
| 300 |
_aXXXVIII, 1347 p ; _c19 cm. |
||
| 490 | 1 |
_aClásicos universales Planeta ; _v18 |
|
| 700 | 1 |
_aGómez, José Luis. _957772 |
|
| 700 | 1 |
_aFernández Cuesta, Nemesio, _d1818-1893 _949614 |
|
| 700 | 1 |
_aVerjat, Alain. _9114139 |
|
| 830 | 0 |
_aClásicos universales Planeta ; _v18 _9178015 |
|
| 852 |
_aES-MaACL _jL-25453 _bR.131400 |
||
| 999 |
_c18669 _d18669 |
||